[Event "EU-ch rapid (Women)"]
[Site "Athens"]
[Date "1997.??.??"]
[Round "1"]
[White "Berend, Elvira S"]
[Black "Cuevas Rodriguez, Maria Luisa"]
[Result "1-0"]
[WhiteElo "2355"]
[BlackElo "2210"]
[PlyCount "77"]
[EventDate "1997.??.??"]
[EventType "tourn (rapid)"]
[EventRounds "13"]
[EventCountry "GRE"]
[SourceTitle "EXT 1999"]
[Source "ChessBase"]
[SourceDate "1998.11.16"]
[SourceVersion "1"]
[SourceVersionDate "1998.11.16"]
[SourceQuality "1"]

1. e4 e5 2. Nf3 Nc6 3. d4 exd4 4. Bc4 Bc5 5. c3 Nf6 6. b4 Bb6 7. e5 d5 8. exf6 dxc4 9. b5 Nb8 10. fxg7 Rg8 11. 0-0 d3 12. Re1+ Be6 13. Nbd2 Qf6 14. Nxc4 Qxc3 15. Nxb6 axb6 16. Bf4 Nd7 17. Ne5 Nc5 18. Bg5 Rxg7 19. Bf6 Rg6 20. Qf3 Qb4 21. Nxg6 hxg6 22. Bg5 Kd7 23. Qf6 Re8 24. Be3 Ne4 25. Qf4 f5 26. Red1 Qxb5 27. Rac1 c5 28. Qh6 Bf7 29. Bf4 Kc8 30. Qg7 Qd7 31. Qb2 Re6 32. Qa3 Qd4 33. Qa8+ Kd7 34. Qxb7+ Ke8 35. Be3 Qd7 36. Qb8+ Ke7 37. f3 Nf6 38. Bg5 Be8 39. h4 1-0

[Event "EU-chT (Women) 2nd"]
[Site "Pula"]
[Date "1997.??.??"]
[Round "6"]
[White "Cuevas Rodriguez, Maria Luisa"]
[Black "Hitzgerova, Gabriela"]
[Result "1-0"]
[WhiteElo "2230"]
[BlackElo "2170"]
[PlyCount "109"]
[EventDate "1997.05.05"]
[EventType "team-swiss"]
[EventRounds "9"]
[EventCountry "CRO"]
[SourceTitle "EXT 2020"]
[Source "ChessBase"]
[SourceDate "2019.10.17"]
[SourceVersion "1"]
[SourceVersionDate "2019.10.17"]
[SourceQuality "1"]
[WhiteTeam "Spain (W)"]
[BlackTeam "Czech Republic (W)"]
[WhiteTeamCountry "ESP"]
[BlackTeamCountry "CZE"]

1. d4 Nf6 2. c4 g6 3. Nf3 Bg7 4. g3 0-0 5. Bg2 d6 6. 0-0 c5 7. d5 e5 8. dxe6 fxe6 9. Nc3 Nc6 10. Bg5 d5 11. Rb1 d4 12. Ne4 Qa5 13. Nxf6+ Bxf6 14. Bxf6 Rxf6 15. Qc1 Qc7 16. Ng5 Rf8 17. h4 Qe5 18. Ne4 b6 19. Qh6 Bd7 20. Ng5 Qh8 21. h5 Rae8 22. hxg6 hxg6 23. Qxg6+ Qg7 24. Qxg7+ Kxg7 25. Be4 Ne5 26. b3 Ng4 27. Kg2 Nf6 28. Rh1 Nxe4 29. Nxe4 Bc6 30. Rh4 Rf5 31. f3 Rh8 32. Rbh1 Rxh4 33. Rxh4 Ba8 34. Kf2 Bc6 35. Rg4+ Kf8 36. Nd6 Rf6 37. Ne4 Rh6 38. Rh4 Rg6 39. Rh8+ Rg8 40. Rxg8+ Kxg8 41. g4 Kf7 42. Kg3 e5 43. Nd6+ Kf6 44. Nc8 e4 45. Kf4 d3 46. exd3 exd3 47. g5+ Ke6 48. Ke3 d2 49. Kxd2 Bxf3 50. Nxa7 Bb7 51. Nb5 Ke5 52. Ke3 Be4 53. Nc3 Bc2 54. Na4 Bb1 55. Kd2 1-0

[Event "EU-ch rapid (Women)"]
[Site "Athens"]
[Date "1997.??.??"]
[Round "13"]
[White "Cuevas Rodriguez, Maria Luisa"]
[Black "Makropoulou, Marina"]
[Result "1-0"]
[WhiteElo "2210"]
[BlackElo "2290"]
[PlyCount "63"]
[EventDate "1997.??.??"]
[EventType "tourn (rapid)"]
[EventRounds "13"]
[EventCountry "GRE"]
[SourceTitle "EXT 1999"]
[Source "ChessBase"]
[SourceDate "1998.11.16"]
[SourceVersion "1"]
[SourceVersionDate "1998.11.16"]
[SourceQuality "1"]

1. d4 d5 2. c4 c6 3. Nf3 Nf6 4. Nbd2 g6 5. g3 Bg7 6. Bg2 0-0 7. 0-0 Re8 8. b3 Ne4 9. Bb2 Bf5 10. Rc1 Nd7 11. cxd5 cxd5 12. Nh4 e6 13. Nxf5 gxf5 14. f3 Nd6 15. e4 Qb6 16. exd5 Bxd4+ 17. Bxd4 Qxd4+ 18. Kh1 Qxd5 19. f4 Ne4 20. Nxe4 fxe4 21. Qg4+ Kf8 22. Rfd1 Nf6 23. Qh4 Qf5 24. Bh3 Qg6 25. Rc5 Rad8 26. Rxd8 Rxd8 27. Rg5 Rd1+ 28. Kg2 Rd2+ 29. Kf1 Nd5 30. Rxg6 hxg6 31. Qh8+ Ke7 32. Qe5 1-0

[Event "Andorra op 15th"]
[Site "Andorra"]
[Date "1997.??.??"]
[Round "2"]
[White "Cuevas Rodriguez, Maria Luisa"]
[Black "Marin, Mihail"]
[Result "0-1"]
[WhiteElo "2230"]
[BlackElo "2535"]
[PlyCount "64"]
[EventDate "1997.07.??"]
[EventType "swiss"]
[EventRounds "9"]
[EventCountry "AND"]
[SourceTitle "CBM 058 Extra"]
[Source "ChessBase"]
[SourceDate "1997.07.29"]
[SourceVersion "1"]
[SourceVersionDate "1997.07.29"]
[SourceQuality "1"]

1. d4 Nf6 2. c4 e6 3. g3 c5 4. d5 exd5 5. cxd5 d6 6. Nc3 g6 7. Bg2 Bg7 8. Nf3 0-0 9. 0-0 Re8 10. Nd2 a6 11. a4 Nbd7 12. h3 Rb8 13. Nc4 Ne5 14. Na3 Nh5 15. Kh2 f5 16. f4 Nf7 17. Nc4 b6 18. e4 Nf6 19. exf5 gxf5 20. Qc2 Bd7 21. a5 b5 22. Nb6 Nh6 23. Nd1 Re7 24. Nxd7 Qxd7 25. Ra3 Rbe8 26. Bf3 Nfg4+ 27. hxg4 fxg4 28. Bg2 Re2 29. Qb1 Bd4 30. Rd3 Qf5 31. Ne3 Bxe3 32. Bxe3 c4 0-1

[Event "EU-ch rapid (Women)"]
[Site "Athens"]
[Date "1997.??.??"]
[Round "2"]
[White "Cuevas Rodriguez, Maria Luisa"]
[Black "Riegler, Alessandra"]
[Result "1/2-1/2"]
[WhiteElo "2210"]
[BlackElo "2030"]
[PlyCount "91"]
[EventDate "1997.??.??"]
[EventType "tourn (rapid)"]
[EventRounds "13"]
[EventCountry "GRE"]
[SourceTitle "EXT 1999"]
[Source "ChessBase"]
[SourceDate "1998.11.16"]
[SourceVersion "1"]
[SourceVersionDate "1998.11.16"]
[SourceQuality "1"]

1. d4 Nf6 2. c4 g6 3. Nf3 d6 4. g3 Bg7 5. Bg2 0-0 6. 0-0 Nbd7 7. Nc3 e5 8. e4 exd4 9. Nxd4 Ne5 10. b3 Ne8 11. Bb2 Bd7 12. Nd5 c6 13. Nc3 Qb6 14. Na4 Qc7 15. Qc2 Rc8 16. c5 dxc5 17. Nxc5 Rd8 18. h3 b6 19. Nxd7 Rxd7 20. f4 Ng4 21. Ne6 fxe6 22. hxg4 Bxb2 23. Qxb2 Rd3 24. Bf3 g5 25. Qe2 Qd6 26. Rad1 Rxd1 27. Rxd1 Qc5+ 28. Qf2 Qxf2+ 29. Kxf2 gxf4 30. gxf4 Rxf4 31. Rd8 Rf8 32. e5 c5 33. Ra8 Nc7 34. Rxa7 Nb5 35. Rd7 Nd4 36. Rxd4 cxd4 37. Ke2 Kg7 38. Be4 Rf4 39. Bf3 h6 40. a4 Kf7 41. b4 Ke7 42. a5 d3+ 43. Ke3 Rxb4 44. axb6 Rxb6 45. Kxd3 Rb4 46. Ke3 1/2-1/2

[Event "EU-ch rapid (Women)"]
[Site "Athens"]
[Date "1997.??.??"]
[Round "7"]
[White "Schroecker, Maria Luise"]
[Black "Cuevas Rodriguez, Maria Luisa"]
[Result "1/2-1/2"]
[WhiteElo "2130"]
[BlackElo "2210"]
[PlyCount "66"]
[EventDate "1997.??.??"]
[EventType "tourn (rapid)"]
[EventRounds "13"]
[EventCountry "GRE"]
[SourceTitle "EXT 1999"]
[Source "ChessBase"]
[SourceDate "1998.11.16"]
[SourceVersion "1"]
[SourceVersionDate "1998.11.16"]
[SourceQuality "1"]

1. d4 d5 2. c4 e6 3. g3 f5 4. Bg2 Nf6 5. Nf3 c6 6. 0-0 Bd6 7. b3 0-0 8. Ba3 Bxa3 9. Nxa3 Qe7 10. Nb1 Nbd7 11. Nc3 Ne4 12. Qc2 Ndf6 13. Ne5 Bd7 14. f3 Nxc3 15. Qxc3 Rac8 16. c5 Be8 17. b4 g5 18. a4 a6 19. Rab1 Qg7 20. Qd2 Rc7 21. e3 h5 22. f4 g4 23. Kf2 h4 24. Ke2 Qh6 25. Rh1 Rh7 26. Qe1 h3 27. Bf1 Ne4 28. Kd1 Qg7 29. Bd3 Nf6 30. Ke2 Qc7 31. Qd2 Qd8 32. Rhc1 Rg7 33. Qe1 Rh7 1/2-1/2

[Event "Olympiad Women-32"]
[Site "Yerevan"]
[Date "1996.??.??"]
[Round "12"]
[White "Aslanian, Ludmila K"]
[Black "Cuevas Rodriguez, Maria Luisa"]
[Result "1/2-1/2"]
[WhiteElo "2180"]
[BlackElo "2225"]
[PlyCount "125"]
[EventDate "1996.09.15"]
[EventType "team-swiss"]
[EventRounds "14"]
[EventCountry "ARM"]
[SourceTitle "EXT 1997"]
[Source "ChessBase"]
[SourceDate "1996.11.15"]
[SourceVersion "1"]
[SourceVersionDate "1996.11.15"]
[SourceQuality "1"]

1. e4 e5 2. Nf3 Nc6 3. Bb5 a6 4. Ba4 Nf6 5. 0-0 b5 6. Bb3 Bb7 7. d3 Bd6 8. c3 0-0 9. Re1 Ne7 10. Nbd2 Ng6 11. Nf1 Re8 12. Ng5 Re7 13. Ng3 h6 14. Nf3 Re8 15. a4 Bf8 16. c4 c6 17. Bd2 b4 18. Qc2 c5 19. h3 Nh7 20. Nh2 Ng5 21. Ne2 Ne6 22. g3 h5 23. Be3 h4 24. Qd2 Be7 25. Bd1 Bg5 26. Nf3 Bxe3 27. Qxe3 a5 28. Kh2 Ra6 29. Neg1 Rf8 30. Nxh4 Nxh4 31. gxh4 Qxh4 32. Bg4 Nf4 33. Nf3 Qe7 34. Rg1 Rh6 35. Rg3 Rc8 36. Rag1 g6 37. Ne1 Kg7 38. Ng2 Qd6 39. Rf3 Nh5 40. Ne1 Rch8 41. Bxh5 Rxh5 42. Rfg3 Qe7 43. Nf3 d6 44. Kg2 Qd7 45. b3 Rxh3 46. Kf1 Rxg3 47. Rxg3 Rh3 48. Nxe5 Rxg3 49. Nxd7 Rxe3 50. fxe3 Bc8 51. Nb8 Bb7 52. Nd7 f6 53. Kf2 Kf7 54. Kg3 Ke7 55. Nb6 Kd8 56. Kf4 Kc7 57. Nd5+ Bxd5 58. exd5 Kb7 59. d4 Kb6 60. Kg4 Kc7 61. dxc5 dxc5 62. Kf4 Kd7 63. Kg4 1/2-1/2

[Event "Olympiad Women-32"]
[Site "Yerevan"]
[Date "1996.??.??"]
[Round "4"]
[White "Cuevas Rodriguez, Maria Luisa"]
[Black "Hagesaether, Ellen"]
[Result "1-0"]
[WhiteElo "2225"]
[BlackElo "2045"]
[PlyCount "97"]
[EventDate "1996.09.15"]
[EventType "team-swiss"]
[EventRounds "14"]
[EventCountry "ARM"]
[SourceTitle "EXT 1997"]
[Source "ChessBase"]
[SourceDate "1996.11.15"]
[SourceVersion "1"]
[SourceVersionDate "1996.11.15"]
[SourceQuality "1"]

1. d4 Nf6 2. Nf3 g6 3. g3 Bg7 4. Bg2 0-0 5. 0-0 d6 6. c4 Nbd7 7. Nc3 e5 8. e4 c6 9. h3 h6 10. Be3 Qe7 11. Qc2 Ne8 12. Rad1 Nc7 13. Rfe1 Nf6 14. c5 dxc5 15. dxc5 Na6 16. Na4 Qc7 17. a3 Be6 18. b4 Kh7 19. Nd2 Nd7 20. Nc4 f5 21. exf5 gxf5 22. Rd6 Rae8 23. Nab2 Rf7 24. Bf3 Ree7 25. Red1 Kh8 26. Qd2 Rf6 27. Qc3 Rf8 28. Bg2 Qc8 29. Nd3 Bxc4 30. Qxc4 Rf6 31. Ne1 Nab8 32. h4 Ref7 33. Bc1 Bf8 34. Rxf6 Rxf6 35. Bb2 Qe8 36. Nf3 Rg6 37. Re1 Bg7 38. Bh3 Qf8 39. Nxe5 Nxe5 40. Bxe5 Nd7 41. Bxg7+ Rxg7 42. Qe6 Rf7 43. Bxf5 Nxc5 44. Qe5+ Kg8 45. Bb1 Nd7 46. Qe6 Kh8 47. Ba2 Rh7 48. Qg6 Nf6 49. Qxf6+ 1-0

[Event "Olympiad Women-32"]
[Site "Yerevan"]
[Date "1996.??.??"]
[Round "10"]
[White "Cuevas Rodriguez, Maria Luisa"]
[Black "Kouwenhoven, Marisca"]
[Result "1-0"]
[WhiteElo "2225"]
[BlackElo "2120"]
[PlyCount "81"]
[EventDate "1996.09.15"]
[EventType "team-swiss"]
[EventRounds "14"]
[EventCountry "ARM"]
[SourceTitle "EXT 1997"]
[Source "ChessBase"]
[SourceDate "1996.11.15"]
[SourceVersion "1"]
[SourceVersionDate "1996.11.15"]
[SourceQuality "1"]

1. d4 Nf6 2. c4 g6 3. Nf3 Bg7 4. g3 0-0 5. Bg2 c6 6. 0-0 d5 7. cxd5 cxd5 8. Ne5 Nc6 9. f4 Bf5 10. Nc3 e6 11. h3 h5 12. Be3 Rc8 13. Rc1 Na5 14. b3 Qe7 15. Qd2 b6 16. Kh2 Nb7 17. Nb5 a6 18. Na7 Rxc1 19. Rxc1 Be4 20. Nc8 Qa3 21. Nxb6 Bxg2 22. Kxg2 Ne4 23. Qc2 Nbd6 24. g4 Qb4 25. Nbd7 Rc8 26. Nc6 Rxc6 27. Qxc6 Bxd4 28. Qa8+ Kh7 29. Nf8+ Kg7 30. a3 Bxe3 31. axb4 Bxc1 32. Nd7 Bxf4 33. Qxa6 hxg4 34. hxg4 f5 35. gxf5 Nxf5 36. Qxe6 Ne3+ 37. Kg1 Bg3 38. Ne5 Bf2+ 39. Kh1 Ng3+ 40. Kh2 Nef1+ 41. Kh3 1-0

[Event "Chambery"]
[Site "Chambery"]
[Date "1995.??.??"]
[Round "?"]
[White "Cuevas Rodriguez, Maria Luisa"]
[Black "Nicoara, Malina"]
[Result "1/2-1/2"]
[WhiteElo "2245"]
[BlackElo "2175"]
[PlyCount "78"]
[EventDate "1995.??.??"]
[EventType "tourn"]
[EventRounds "9"]
[EventCountry "FRA"]
[SourceTitle "EXT 1999"]
[Source "ChessBase"]
[SourceDate "1998.11.16"]
[SourceVersion "1"]
[SourceVersionDate "1998.11.16"]
[SourceQuality "1"]

1. d4 Nf6 2. Nf3 g6 3. c4 Bg7 4. g3 0-0 5. Bg2 d6 6. 0-0 Nbd7 7. Nc3 e5 8. e4 c6 9. h3 Qb6 10. c5 dxc5 11. dxe5 Ne8 12. e6 fxe6 13. Ng5 Ne5 14. f4 Nf7 15. Nxf7 Bd4+ 16. Kh2 Rxf7 17. e5 Nc7 18. Ne4 Nd5 19. Qe2 a5 20. a4 Qd8 21. h4 b6 22. Qg4 Raa7 23. Ng5 Rg7 24. Be4 Qe8 25. Nf3 Ne7 26. Rd1 Nf5 27. Qh3 Bf2 28. g4 Nd4 29. Kg2 Nxf3 30. Qxf3 Bd4 31. Bxc6 Qe7 32. Kh3 Rf7 33. Qe4 Bb7 34. Ra3 Qc7 35. Bxb7 Qxb7 36. Qxb7 Raxb7 37. Rb3 c4 38. Rf3 Bxe5 39. Re1 Bg7 1/2-1/2

[Event "Chambery"]
[Site "Chambery"]
[Date "1995.??.??"]
[Round "?"]
[White "De Kleuver, Esther"]
[Black "Cuevas Rodriguez, Maria Luisa"]
[Result "1/2-1/2"]
[WhiteElo "2155"]
[BlackElo "2245"]
[PlyCount "104"]
[EventDate "1995.??.??"]
[EventType "tourn"]
[EventRounds "9"]
[EventCountry "FRA"]
[SourceTitle "EXT 1999"]
[Source "ChessBase"]
[SourceDate "1998.11.16"]
[SourceVersion "1"]
[SourceVersionDate "1998.11.16"]
[SourceQuality "1"]

1. e4 e5 2. Nf3 Nc6 3. Nc3 Nf6 4. g3 Bc5 5. Bg2 a6 6. 0-0 d6 7. d3 0-0 8. Be3 Bxe3 9. fxe3 Ne7 10. Nh4 d5 11. Qf3 c6 12. Nf5 Nxf5 13. exf5 Re8 14. g4 e4 15. dxe4 Nxe4 16. Nxe4 Rxe4 17. Qg3 Re8 18. Rae1 f6 19. Kh1 Re5 20. e4 d4 21. Rd1 c5 22. c3 Qb6 23. cxd4 cxd4 24. g5 Bd7 25. gxf6 Qxf6 26. Rxd4 Rxf5 27. exf5 Qxd4 28. Qb3+ Kh8 29. Qxb7 Re8 30. Qxa6 Qxb2 31. f6 gxf6 32. Qxf6+ Qxf6 33. Rxf6 Re1+ 34. Rf1 Re2 35. Bd5 Ba4 36. Rg1 Re8 37. h3 Rd8 38. Bb3 Bxb3 39. axb3 Rd3 40. Rb1 Rxh3+ 41. Kg2 Rh6 42. b4 Rb6 43. b5 Kg7 44. Kf3 Kf6 45. Ke4 h5 46. Kd5 Kg5 47. Kc5 Rb8 48. b6 h4 49. Kc6 h3 50. Kc7 Rh8 51. b7 Kg4 52. b8Q Rxb8 1/2-1/2

[Event "Olympiad Women-31"]
[Site "Moscow"]
[Date "1994.12.10"]
[Round "9"]
[White "Cuevas Rodriguez, Maria Luisa"]
[Black "Aslanian, Ludmila K"]
[Result "1-0"]
[WhiteElo "2240"]
[BlackElo "2230"]
[PlyCount "73"]
[EventDate "1994.12.01"]
[EventType "team-swiss"]
[EventRounds "14"]
[EventCountry "RUS"]
[SourceTitle "EXT 2019"]
[Source "ChessBase"]
[SourceDate "2018.10.10"]
[SourceVersion "1"]
[SourceVersionDate "2018.10.10"]
[SourceQuality "1"]
[WhiteTeam "Spain (W)"]
[BlackTeam "Armenia (W)"]
[WhiteTeamCountry "ESP"]
[BlackTeamCountry "ARM"]

1. d4 Nf6 2. c4 e6 3. g3 d5 4. Nf3 Nbd7 5. Bg2 dxc4 6. Qa4 Be7 7. 0-0 0-0 8. Qxc4 c5 9. dxc5 Nxc5 10. Nc3 Bd7 11. Ne5 Be8 12. Rd1 Qc8 13. Be3 Nfd7 14. Nxd7 Bxd7 15. b4 Na6 16. Qxc8 Bxc8 17. a3 Nc7 18. Rac1 e5 19. Nd5 Nxd5 20. Rxd5 Bf6 21. Rb5 a6 22. Rb6 Rb8 23. Bc5 Bd8 24. Bxf8 Bxb6 25. Bd6 Ra8 26. Bxe5 Kf8 27. e3 f6 28. Bc7 Ba7 29. Bd6+ Kf7 30. Bd5+ Kg6 31. Rc7 Bb6 32. Re7 Bh3 33. Be4+ f5 34. Re6+ Kf7 35. Bd5 Rc8 36. Bc5 Bxc5 37. Rc6+ 1-0

[Event "ESP-chT"]
[Site "Cala Galdana"]
[Date "1994.??.??"]
[Round "?"]
[White "Cuevas Rodriguez, Maria Luisa"]
[Black "Alvarez Ibarra, Rafael"]
[Result "0-1"]
[WhiteElo "2245"]
[BlackElo "2435"]
[PlyCount "66"]
[EventDate "1994.??.??"]
[EventType "team"]
[EventRounds "9"]
[EventCountry "ESP"]
[SourceTitle "EXT 1997"]
[Source "ChessBase"]
[SourceDate "1996.11.15"]
[SourceVersion "1"]
[SourceVersionDate "1996.11.15"]
[SourceQuality "1"]

1. d4 c5 2. d5 Nf6 3. c4 b5 4. g3 g6 5. Bg2 d6 6. e4 Bg7 7. f4 0-0 8. Qe2 bxc4 9. Nc3 Na6 10. a3 Qa5 11. Rb1 Nb4 12. axb4 cxb4 13. Bd2 bxc3 14. Bxc3 Qc5 15. Rc1 e6 16. dxe6 Bxe6 17. Nf3 Bg4 18. h3 Rfe8 19. e5 Bxf3 20. Bxf3 Rac8 21. Qf2 dxe5 22. fxe5 Rxe5+ 23. Bxe5 Qxe5+ 24. Kf1 Ne4 25. Bxe4 Qxe4 26. Rh2 Qd3+ 27. Kg2 Re8 28. Kh1 Bd4 29. Qc2 Qxg3 30. Rf1 Re1 31. Qg2 Qxg2+ 32. Kxg2 Re2+ 33. Kh1 Rxb2 0-1

[Event "ESP-chT"]
[Site "Cala Galdana"]
[Date "1994.??.??"]
[Round "4"]
[White "Cuevas Rodriguez, Maria Luisa"]
[Black "Palacios Perez, Manuel"]
[Result "1-0"]
[WhiteElo "2245"]
[BlackElo "2185"]
[PlyCount "53"]
[EventDate "1994.??.??"]
[EventType "team"]
[EventRounds "9"]
[EventCountry "ESP"]
[SourceTitle "EXT 1998"]
[Source "ChessBase"]
[SourceDate "1997.11.17"]
[SourceVersion "1"]
[SourceVersionDate "1997.11.17"]
[SourceQuality "1"]

1. d4 Nf6 2. c4 g6 3. Nf3 c6 4. g3 Bg7 5. Bg2 0-0 6. 0-0 d5 7. cxd5 cxd5 8. Ne5 e6 9. Nc3 Nfd7 10. f4 Nb6 11. b3 Nc6 12. Nxc6 bxc6 13. Ba3 Re8 14. e3 a5 15. Bc5 Nd7 16. Na4 Ba6 17. Rf2 Bb5 18. Rc1 Qb8 19. Rfc2 f5 20. Rc3 Bf6 21. Qc2 Bd8 22. Ba3 Nf6 23. Rxc6 Bxc6 24. Qxc6 Be7 25. Qxe6+ Kg7 26. Bxe7 Ng8 27. Qxd5 1-0

[Event "Madrid-B"]
[Site "Madrid"]
[Date "1994.??.??"]
[Round "11"]
[White "Garcia Palermo, Carlos H"]
[Black "Cuevas Rodriguez, Maria Luisa"]
[Result "1-0"]
[WhiteElo "2460"]
[BlackElo "2245"]
[PlyCount "91"]
[EventDate "1994.??.??"]
[EventType "tourn"]
[EventRounds "11"]
[EventCountry "ESP"]
[EventCategory "4"]
[SourceTitle "EXT 1997"]
[Source "ChessBase"]
[SourceDate "1996.11.15"]
[SourceVersion "1"]
[SourceVersionDate "1996.11.15"]
[SourceQuality "1"]

1. d4 d5 2. c4 e6 3. Nc3 f5 4. Nf3 Nf6 5. Bg5 c6 6. Rc1 Be7 7. e3 0-0 8. Ne5 Ne4 9. Bxe7 Qxe7 10. Be2 Nd7 11. Nxd7 Nxc3 12. bxc3 Bxd7 13. 0-0 b5 14. c5 e5 15. f4 e4 16. a4 a6 17. Ra1 Kh8 18. Ra2 Rg8 19. Qa1 Qd8 20. axb5 axb5 21. g3 Qb8 22. Qb2 Rxa2 23. Qxa2 Qc7 24. Ra1 Rb8 25. Qb1 Qb7 26. Ra3 Ra8 27. Qa1 Rxa3 28. Qxa3 Kg8 29. Qa5 Qb8 30. Kf2 Kf7 31. Ke1 Ke7 32. Kd2 Bc8 33. Kc2 Qb7 34. Kb3 g6 35. Kb4 h5 36. Qb6 Kd7 37. h3 Qa8 38. Bxb5 cxb5 39. Qd6+ Ke8 40. Qxg6+ Kf8 41. Qf6+ Ke8 42. c6 Qa6 43. Kc5 Qa7+ 44. Kxd5 Qf7+ 45. Qxf7+ Kxf7 46. Ke5 1-0

[Event "Madrid-B"]
[Site "Madrid"]
[Date "1994.??.??"]
[Round "7"]
[White "Rajkovic, Dusan"]
[Black "Cuevas Rodriguez, Maria Luisa"]
[Result "1-0"]
[WhiteElo "2475"]
[BlackElo "2245"]
[PlyCount "83"]
[EventDate "1994.??.??"]
[EventType "tourn"]
[EventRounds "11"]
[EventCountry "ESP"]
[EventCategory "4"]
[SourceTitle "EXT 1997"]
[Source "ChessBase"]
[SourceDate "1996.11.15"]
[SourceVersion "1"]
[SourceVersionDate "1996.11.15"]
[SourceQuality "1"]

1. d4 d5 2. c4 e6 3. Nf3 f5 4. Nc3 c6 5. h3 Bd6 6. g4 f4 7. e4 fxe3 8. Bxe3 Nd7 9. Qc2 Ngf6 10. 0-0-0 dxc4 11. Bxc4 Nb6 12. Bd3 Nbd5 13. Nxd5 cxd5 14. Kb1 Bd7 15. Ne5 Rc8 16. Qe2 Ne4 17. Nxd7 Qxd7 18. Bb5 Rc6 19. Rc1 0-0 20. Bxc6 bxc6 21. Qc2 Rc8 22. f3 Nf6 23. Rhd1 Qf7 24. Rd3 Nd7 25. Qe2 Nb6 26. b3 Qb7 27. Ka1 Rb8 28. Bd2 Qd7 29. Re1 Re8 30. Bc3 c5 31. Re3 Kf7 32. f4 cxd4 33. Bxd4 Bb4 34. Rf1 Qc7 35. Kb1 Nd7 36. g5 g6 37. f5 e5 38. fxg6+ Kxg6 39. Qg4 Re7 40. Bxe5 Rxe5 41. Rxe5 Qxe5 42. Qxb4 1-0